[Event "Aalst op 15th"]
[Site "Aalst"]
[Date "2013.06.05"]
[Round "8"]
[White "Roos, Adrian"]
[Black "Spaens, Kjell"]
[Result "1-0"]
[WhiteElo "2210"]
[BlackElo "1940"]
[PlyCount "57"]
[EventDate "2013.04.17"]
[EventType "swiss"]
[EventRounds "9"]
[EventCountry "BEL"]
[SourceTitle "EXT 2014"]
[Source "ChessBase"]
[SourceDate "2013.11.20"]
[SourceVersion "1"]
[SourceVersionDate "2013.11.20"]
[SourceQuality "1"]

1. d4 e6 2. e4 b6 3. Bd3 Bb7 4. Nf3 d6 5. 0-0 Nd7 6. c4 e5 7. d5 g6 8. Nc3 Bg7 9. b4 a5 10. Ba3 Ngf6 11. bxa5 Rxa5 12. Bb4 Ra8 13. a4 Nh5 14. a5 Nf4 15. Bc2 Ba6 16. Nb5 0-0 17. g3 Nh5 18. Nd2 Bh6 19. Nb3 Ng7 20. Qe2 Nc5 21. axb6 cxb6 22. Nxc5 dxc5 23. Bc3 Bxb5 24. cxb5 Qg5 25. Ra6 Rxa6 26. bxa6 Nh5 27. Kh1 Qe7 28. Rb1 Qc7 29. Qb5 1-0

[Event "Aalst op 15th"]
[Site "Aalst"]
[Date "2013.05.22"]
[Round "6"]
[White "Harutyunyan, Axel"]
[Black "Spaens, Kjell"]
[Result "0-1"]
[WhiteElo "1810"]
[BlackElo "1940"]
[PlyCount "52"]
[EventDate "2013.04.17"]
[EventType "swiss"]
[EventRounds "9"]
[EventCountry "BEL"]
[SourceTitle "EXT 2014"]
[Source "ChessBase"]
[SourceDate "2013.11.20"]
[SourceVersion "1"]
[SourceVersionDate "2013.11.20"]
[SourceQuality "1"]

1. e4 d5 2. exd5 Nf6 3. d4 Nxd5 4. c4 Nb6 5. Nc3 Nc6 6. Be3 Bf5 7. g4 Bg6 8. f4 e6 9. Nf3 h5 10. d5 Nb4 11. Rc1 hxg4 12. Ne5 Bf5 13. a3 Na6 14. Bxb6 axb6 15. Qa4+ c6 16. dxc6 Nc7 17. Qd1 Qh4+ 18. Ke2 Rd8 19. cxb7 Bc5 20. Qe1 g3 21. b4 Qh5+ 22. Nf3 Bd3+ 23. Kd2 Qxf3 24. Nd5 Nxd5 25. Bxd3 Nxb4 26. Rc3 Rxd3+ 0-1

[Event "Aalst op 15th"]
[Site "Aalst"]
[Date "2013.05.15"]
[Round "5"]
[White "Spaens, Kjell"]
[Black "De Block, Yordi"]
[Result "1/2-1/2"]
[WhiteElo "1940"]
[BlackElo "1768"]
[PlyCount "119"]
[EventDate "2013.04.17"]
[EventType "swiss"]
[EventRounds "9"]
[EventCountry "BEL"]
[SourceTitle "EXT 2014"]
[Source "ChessBase"]
[SourceDate "2013.11.20"]
[SourceVersion "1"]
[SourceVersionDate "2013.11.20"]
[SourceQuality "1"]

1. d4 c6 2. Nf3 Nf6 3. c4 d5 4. cxd5 cxd5 5. Nc3 Nc6 6. Bf4 Bg4 7. Ne5 Nxe5 8. Bxe5 Nd7 9. Qa4 f6 10. Bg3 e6 11. e4 Kf7 12. exd5 exd5 13. f3 Be6 14. Bd3 Nb6 15. Qc2 g6 16. 0-0 Bd6 17. Bxd6 Qxd6 18. Nb5 Qe7 19. Rfe1 Rhc8 20. Qe2 Rc6 21. Rac1 Rxc1 22. Rxc1 Rc8 23. Rxc8 Nxc8 24. a3 a6 25. Nc3 Qc7 26. Na4 Qf4 27. Qf2 Qc1+ 28. Qf1 Qe3+ 29. Kh1 Qxd4 30. b4 a5 31. Nc5 axb4 32. axb4 Qxb4 33. Nxe6 Kxe6 34. Qe2+ Kf7 35. h3 Nd6 36. Qa2 Qc5 37. Qa8 Qc1+ 38. Kh2 Qc8 39. Qa5 Qc6 40. Bb1 Nb5 41. Qd2 Kg7 42. h4 Qc3 43. Qxd5 Qc7+ 44. Kh3 Nc3 45. Qd3 Nxb1 46. Qxb1 Qd7+ 47. Kh2 b5 48. Qb4 h6 49. Qc5 Qb7 50. Qb4 g5 51. h5 Qb8+ 52. Kh3 Qe8 53. g4 Qe2 54. Kg3 Qe5+ 55. Kg2 Kf7 56. Qd2 Qe6 57. Qd3 Qa2+ 58. Kg3 Qc4 59. Qd7+ Kf8 60. Qd8+ 1/2-1/2

[Event "BEL-ch op"]
[Site "Westerlo"]
[Date "2010.07.06"]
[Round "4"]
[White "De Bock, Lennart"]
[Black "Spaens, Kjell"]
[Result "1-0"]
[WhiteElo "2025"]
[BlackElo "1952"]
[PlyCount "53"]
[EventDate "2010.07.03"]
[EventType "swiss"]
[EventRounds "9"]
[EventCountry "BEL"]
[SourceTitle "CBM 137 Extra"]
[Source "ChessBase"]
[SourceDate "2010.09.01"]
[SourceVersion "1"]
[SourceVersionDate "2010.09.01"]
[SourceQuality "1"]

1. d4 e6 2. c4 b6 3. Nc3 Bb4 4. Qc2 f5 5. a3 Bxc3+ 6. Qxc3 Nf6 7. f3 Bb7 8. e3 0-0 9. Bd3 d6 10. Ne2 Nbd7 11. 0-0 Qe7 12. b4 g5 13. Bb2 Nh5 14. c5 Bc8 15. c6 Ndf6 16. e4 f4 17. g3 g4 18. gxf4 gxf3 19. Rxf3 Ng4 20. h3 Qh4 21. hxg4 Qxg4+ 22. Kf2 Nxf4 23. Nxf4 Rxf4 24. Rxf4 Qxf4+ 25. Ke1 Qe3+ 26. Kd1 e5 27. Qd2 1-0

[Event "BEL-ch op"]
[Site "Namur"]
[Date "2009.07.08"]
[Round "5"]
[White "Herman, Jean"]
[Black "Spaens, Kjell"]
[Result "1/2-1/2"]
[WhiteElo "1988"]
[BlackElo "1942"]
[PlyCount "53"]
[EventDate "2009.07.04"]
[EventType "swiss"]
[EventRounds "9"]
[EventCountry "BEL"]
[SourceTitle "EXT 2010"]
[Source "ChessBase"]
[SourceDate "2010.11.25"]
[SourceVersion "1"]
[SourceVersionDate "2010.11.25"]
[SourceQuality "1"]

1. e4 d5 2. exd5 Qxd5 3. Nc3 Qd6 4. d4 Nf6 5. Bc4 a6 6. Nge2 Bf5 7. 0-0 e6 8. Bf4 Qd7 9. Ng3 Bg6 10. d5 exd5 11. Bxd5 c6 12. Re1+ Be7 13. Bf3 Qxd1 14. Raxd1 Kf8 15. Na4 Nbd7 16. Bg4 Bxc2 17. Bxd7 Bxd1 18. Rxd1 Rd8 19. Nb6 Bc5 20. Bd6+ Bxd6 21. Rxd6 Nxd7 22. Rxd7 Rxd7 23. Nxd7+ Ke7 24. Nc5 Rd8 25. Nf5+ Kf6 26. Ne3 Ke7 27. Nf5+ 1/2-1/2

[Event "Hainaut-ch"]
[Site "Manage"]
[Date "2008.08.23"]
[Round "5.10"]
[White "Knudde, Francis"]
[Black "Spaens, Kjell"]
[Result "1-0"]
[WhiteElo "1852"]
[BlackElo "1965"]
[PlyCount "23"]
[EventDate "2008.08.23"]
[EventType "swiss"]
[EventRounds "9"]
[EventCountry "BEL"]
[SourceTitle "EXT 2024"]
[Source "ChessBase"]
[SourceDate "2023.10.10"]
[SourceVersion "1"]
[SourceVersionDate "2023.10.10"]
[SourceQuality "1"]

1. d4 b6 2. Nf3 Bb7 3. Bf4 e6 4. e3 f5 5. Be2 Nf6 6. 0-0 Be7 7. Nbd2 0-0 8. c4 d6 9. b4 Ne4 10. Qb3 g5 11. Bg3 Nxd2 12. Nxd2 1-0

[Event "Hainaut-ch"]
[Site "Manage"]
[Date "2008.08.23"]
[Round "3.3"]
[White "Piacentini, Claudio"]
[Black "Spaens, Kjell"]
[Result "1-0"]
[WhiteElo "2131"]
[BlackElo "1965"]
[PlyCount "65"]
[EventDate "2008.08.23"]
[EventType "swiss"]
[EventRounds "9"]
[EventCountry "BEL"]
[SourceTitle "EXT 2024"]
[Source "ChessBase"]
[SourceDate "2023.10.10"]
[SourceVersion "1"]
[SourceVersionDate "2023.10.10"]
[SourceQuality "1"]

1. e4 d5 2. exd5 Qxd5 3. Nf3 Bg4 4. Be2 Nc6 5. 0-0 Nf6 6. Nc3 Qd6 7. d3 h6 8. Be3 a6 9. a3 e6 10. b4 b5 11. Bc5 Qd7 12. Bxf8 Kxf8 13. a4 Ke7 14. Qd2 Nd5 15. Nxd5+ exd5 16. h3 Be6 17. d4 Na7 18. Ra3 f6 19. Rfa1 c6 20. Qc3 Rhc8 21. axb5 Nxb5 22. Qc5+ Qd6 23. Rxa6 Qxc5 24. dxc5 Rxa6 25. Rxa6 Nc3 26. Ra7+ Kd8 27. Ba6 Rc7 28. Nd4 Bd7 29. Ra8+ Ke7 30. Rg8 Kf7 31. Rb8 Ke7 32. Bd3 Ra7 33. Kh2 1-0

[Event "Hainaut-ch"]
[Site "Manage"]
[Date "2008.08.23"]
[Round "8.5"]
[White "Spaens, Kjell"]
[Black "Fostiez, Pascal"]
[Result "1/2-1/2"]
[WhiteElo "1965"]
[BlackElo "1848"]
[PlyCount "114"]
[EventDate "2008.08.23"]
[EventType "swiss"]
[EventRounds "9"]
[EventCountry "BEL"]
[SourceTitle "EXT 2024"]
[Source "ChessBase"]
[SourceDate "2023.10.10"]
[SourceVersion "1"]
[SourceVersionDate "2023.10.10"]
[SourceQuality "1"]

1. d4 Nf6 2. Nf3 g6 3. c4 Bg7 4. Nc3 0-0 5. g3 d6 6. Bg2 Nc6 7. 0-0 e5 8. dxe5 Nxe5 9. Nxe5 dxe5 10. h3 c6 11. Be3 Qc7 12. Qa4 Be6 13. Rfd1 a6 14. Qb4 Rfe8 15. Bb6 Qc8 16. Kh2 Nd7 17. Be3 Bf8 18. Qa4 f5 19. Rac1 Qc7 20. Nd5 Qb8 21. Nb6 Nxb6 22. Bxb6 Be7 23. Qa5 Kf7 24. e4 Bd8 25. exf5 Bxf5 26. Bxd8 Rxd8 27. Re1 Qd6 28. Rxe5 Qd2 29. Rc3 Rd7 30. Qb6 Rad8 31. Rce3 Qd6 32. c5 Qd4 33. Qb3+ Kf8 34. Bf1 h5 35. Qc4 Qxc4 36. Bxc4 Rd2 37. Re2 Rd1 38. Re7 R1d7 39. Rxd7 Rxd7 40. Kg2 Rd4 41. b3 Be4+ 42. f3 Bd3 43. Rd2 Bf1+ 44. Kxf1 Rxd2 45. a4 Ke7 46. h4 Rc2 47. Kg1 Kf6 48. Kf1 Ke5 49. Bf7 Kf6 50. Bc4 a5 51. Kg1 Rxc4 52. bxc4 Ke5 53. Kf2 Kd4 54. f4 Kxc4 55. g4 Kxc5 56. f5 Kd6 57. fxg6 Ke7 1/2-1/2

[Event "Hainaut-ch"]
[Site "Manage"]
[Date "2008.08.23"]
[Round "7.9"]
[White "Spaens, Kjell"]
[Black "Pitropakis, Kyriakos"]
[Result "1-0"]
[WhiteElo "1965"]
[BlackElo "1605"]
[PlyCount "79"]
[EventDate "2008.08.23"]
[EventType "swiss"]
[EventRounds "9"]
[EventCountry "BEL"]
[SourceTitle "EXT 2024"]
[Source "ChessBase"]
[SourceDate "2023.10.10"]
[SourceVersion "1"]
[SourceVersionDate "2023.10.10"]
[SourceQuality "1"]

1. d4 h6 2. c4 c6 3. Nc3 e6 4. e4 a6 5. Nf3 d5 6. Qc2 Ne7 7. Bf4 dxe4 8. Qxe4 Nd7 9. Be2 Nf6 10. Qc2 Ng6 11. Bg3 Bb4 12. 0-0 0-0 13. Rad1 Qa5 14. Bd3 Qh5 15. Bxg6 fxg6 16. Rfe1 g5 17. a3 Bxc3 18. bxc3 Bd7 19. Ne5 Be8 20. Qb3 b5 21. cxb5 cxb5 22. Qxe6+ Kh8 23. f3 Bf7 24. Nxf7+ Rxf7 25. d5 g4 26. fxg4 Nxg4 27. Rf1 Rxf1+ 28. Rxf1 Re8 29. Qxa6 Qxd5 30. Qg6 Qd7 31. h3 Nf6 32. Bh4 Ne4 33. Re1 Re6 34. Qf5 Qe8 35. Bf2 Re5 36. Qf4 g5 37. Qf3 Kg8 38. Bd4 Re6 39. Qf5 Qf7 40. Qxb5 1-0

[Event "Cappelle op 24th"]
[Site "Cappelle la Grande"]
[Date "2008.02.20"]
[Round "6"]
[White "Spaens, Kjell"]
[Black "Bacon, Nicolas"]
[Result "1-0"]
[WhiteElo "1917"]
[BlackElo "2270"]
[PlyCount "151"]
[EventDate "2008.02.16"]
[EventType "swiss"]
[EventRounds "9"]
[EventCountry "FRA"]
[SourceTitle "CBM 122 Extra"]
[Source "ChessBase"]
[SourceDate "2008.03.04"]
[SourceVersion "1"]
[SourceVersionDate "2008.03.04"]
[SourceQuality "1"]

1. d4 Nf6 2. Nf3 g6 3. c4 Bg7 4. Nc3 d6 5. g3 0-0 6. Bg2 Nc6 7. 0-0 a6 8. Bg5 Rb8 9. Qd2 b5 10. cxb5 axb5 11. Bxf6 exf6 12. Rfc1 Bd7 13. Nd5 f5 14. e3 Rc8 15. Rc2 Ne7 16. Nxe7+ Qxe7 17. d5 c5 18. dxc6 Rxc6 19. Rxc6 Bxc6 20. Rc1 Qb7 21. Ne1 Bxg2 22. Nxg2 Ra8 23. a3 Qe4 24. Nf4 h5 25. Rc2 Rd8 26. Qd3 Qf3 27. Qd5 Qxd5 28. Nxd5 Kf8 29. Kf1 Ke8 30. Ke2 Kf8 31. Kd2 h4 32. gxh4 Ra8 33. Kc1 Kg8 34. h5 Ra4 35. hxg6 fxg6 36. f4 Bf8 37. Rc8 Kf7 38. Rb8 Rc4+ 39. Kd2 Rc5 40. Nc3 Bg7 41. Rb7+ Kg8 42. Kd3 Bxc3 43. bxc3 Rd5+ 44. Kc2 Kf8 45. Rd7 Kg8 46. h4 Kf8 47. Kb3 Rd1 48. Rb7 Rb1+ 49. Kc2 Re1 50. Rxb5 Rxe3 51. a4 Re1 52. a5 Ra1 53. Kb3 Ke7 54. Kb4 Kd7 55. Rb8 Kc6 56. Rg8 Rb1+ 57. Ka4 Rd1 58. Rxg6 Kc5 59. h5 Ra1+ 60. Kb3 Rxa5 61. Rf6 Rb5+ 62. Kc2 Kc4 63. Rxd6 Ra5 64. Rd4+ Kc5 65. Rd8 Ra2+ 66. Kd3 Rh2 67. Rh8 Rh3+ 68. Kc2 Rh4 69. h6 Kb6 70. h7 Kb7 71. Kd3 Ka7 72. c4 Kb7 73. Kc3 Ka7 74. Kb4 Kb7 75. Kc5 Rh6 76. Kd5 1-0